000 00372nam a2200145Ia 4500
008 230917s9999||||xx |||||||||||||| ||und||
040 _e147796
_aMAIN
041 _aEnglish
082 _a301.426 I8N
100 _aIndia
245 0 _aNational family health survey
260 _aBombay
_bInternational institiute for population science
300 _a25p. p.
942 _cBK
999 _c79416
_d79416